[Event "Ustron op-A"]
[Site "Ustron"]
[Date "2023.08.16"]
[Round "6"]
[White "Kulon, Klaudia"]
[Black "Paprocki, Jaroslaw"]
[Result "1/2-1/2"]
[WhiteElo "2320"]
[BlackElo "2151"]
[PlyCount "85"]
[EventDate "2023.08.11"]
[EventType "swiss"]
[EventRounds "9"]
[EventCountry "POL"]
[SourceTitle "CBM 215 Extra"]
[Source "ChessBase"]
[SourceDate "2023.09.30"]
[SourceVersion "1"]
[SourceVersionDate "2023.09.30"]
[SourceQuality "1"]

1. e4 e6 2. d4 d5 3. Nc3 Nf6 4. exd5 Nxd5 5. Nf3 b6 6. Ne5 Bb7 7. Bb5+ c6 8. Ba4 Nxc3 9. bxc3 Bd6 10. Qf3 0-0 11. Nc4 Ba6 12. Bb3 Bxc4 13. Bxc4 Qf6 14. Qxf6 gxf6 15. a4 c5 16. Ba3 Nc6 17. Ke2 Rfd8 18. dxc5 Ne5 19. Bd3 bxc5 20. Rhb1 Nxd3 21. cxd3 c4 22. d4 Bxa3 23. Rxa3 Rab8 24. Raa1 a6 25. a5 Rxb1 26. Rxb1 Rd5 27. Ra1 Kf8 28. Ke3 Ke7 29. Ra4 Kd7 30. f4 Rh5 31. h3 Rb5 32. g4 h5 33. gxh5 Rxh5 34. Ke2 Rxh3 35. Rxc4 Rh2+ 36. Kf3 Rh5 37. Rb4 Rh3+ 38. Ke4 Rxc3 39. Rb6 Rc6 40. Rb7+ Rc7 41. Rb6 Rc6 42. Rb7+ Rc7 43. Rb6 1/2-1/2

[Event "EU-ch Rapid"]
[Site "Katowice"]
[Date "2022.12.18"]
[Round "9"]
[White "Bochnicka, Vladimir1111"]
[Black "Paprocki, Jaroslaw"]
[Result "0-1"]
[WhiteElo "2367"]
[BlackElo "2158"]
[PlyCount "154"]
[EventDate "2022.12.17"]
[EventType "swiss (rapid)"]
[EventRounds "11"]
[EventCountry "POL"]
[SourceTitle "CBM 211 Extra"]
[Source "ChessBase"]
[SourceDate "2023.01.31"]
[SourceVersion "1"]
[SourceVersionDate "2023.01.31"]
[SourceQuality "1"]

1. e4 e5 2. Nf3 Nc6 3. Bc4 Bc5 4. c3 Nf6 5. d3 d6 6. Nbd2 a6 7. Bb3 0-0 8. Nf1 d5 9. exd5 Nxd5 10. Ng3 Re8 11. 0-0 Bf8 12. Ng5 Be6 13. Nxe6 fxe6 14. Ne4 h6 15. Qg4 Kh8 16. Re1 Nf6 17. Qh3 Nxe4 18. Rxe4 Qf6 19. Be3 Rad8 20. Bc2 Ne7 21. d4 Qg6 22. Rc1 exd4 23. Rxe6 Qxe6 24. Qxe6 dxe3 25. fxe3 Nd5 26. Qg6 Nf6 27. Rf1 Re7 28. e4 Rdd7 29. h3 Re5 30. Rf5 Bc5+ 31. Kh1 Rde7 32. Bb3 Nd7 33. Rf7 Rg5 34. Rxe7 Rxg6 35. Rxd7 Rd6 36. Rf7 Rf6 37. Rd7 Rf1+ 38. Kh2 Bd6+ 39. g3 Rf2+ 40. Kg1 Bxg3 41. Rd3 Bh4 42. e5 Rxb2 43. e6 Re2 44. Rd7 g6 45. Rxc7 b5 46. Rc6 a5 47. a4 bxa4 48. Bxa4 Kg7 49. Bb3 Be7 50. Ra6 Rb2 51. Bd5 Bc5+ 52. Kf1 Rd2 53. c4 Ra2 54. Rc6 Be7 55. Rc8 Rc2 56. Ra8 Ra2 57. Ke1 a4 58. c5 Ra1+ 59. Ke2 Bxc5 60. Re8 Ra3 61. Kd2 Kf6 62. h4 Rh3 63. Rc8 Bb4+ 64. Kc2 Rxh4 65. Ra8 a3 66. Kb3 Be7 67. Rc8 h5 68. Rc1 Rf4 69. Bc4 Rf3+ 70. Ka2 g5 71. Rh1 h4 72. Rb1 h3 73. Rb8 Rf2+ 74. Kb1 h2 75. Rh8 Rb2+ 76. Kc1 Rg2 77. Bd5 a2 0-1

[Event "EU-ch Rapid"]
[Site "Katowice"]
[Date "2022.12.18"]
[Round "10"]
[White "Paprocki, Jaroslaw"]
[Black "Vega Gutierrez, Sabrina Neide"]
[Result "0-1"]
[WhiteElo "2158"]
[BlackElo "2361"]
[PlyCount "76"]
[EventDate "2022.12.17"]
[EventType "swiss (rapid)"]
[EventRounds "11"]
[EventCountry "POL"]
[SourceTitle "CBM 211 Extra"]
[Source "ChessBase"]
[SourceDate "2023.01.31"]
[SourceVersion "1"]
[SourceVersionDate "2023.01.31"]
[SourceQuality "1"]

1. e4 c5 2. Nf3 e6 3. d4 cxd4 4. Nxd4 Nc6 5. Nxc6 bxc6 6. Bd3 Nf6 7. Nd2 e5 8. 0-0 Bc5 9. Nc4 0-0 10. Bg5 Re8 11. Re1 Rb8 12. Qf3 h6 13. Bxf6 Qxf6 14. Qxf6 gxf6 15. b3 d5 16. Ne3 Be6 17. Rad1 a5 18. g4 a4 19. exd5 cxd5 20. bxa4 Red8 21. Bb5 Bxe3 22. Rxe3 d4 23. Rf3 Kg7 24. c3 e4 25. Rf4 dxc3 26. Rc1 Rbc8 27. Rxe4 c2 28. Be2 f5 29. gxf5 Bxf5 30. Re3 Re8 31. a5 Rxe3 32. fxe3 Rb8 33. a6 Rb1 34. a7 Be4 35. Bd3 Rxc1+ 36. Kf2 Bxd3 37. a8Q Rf1+ 38. Kg2 c1Q 0-1

[Event "EU-ch Rapid"]
[Site "Katowice"]
[Date "2022.12.17"]
[Round "4"]
[White "Paprocki, Jaroslaw"]
[Black "Grinev, Valeriy"]
[Result "1/2-1/2"]
[WhiteElo "2158"]
[BlackElo "2425"]
[PlyCount "85"]
[EventDate "2022.12.17"]
[EventType "swiss (rapid)"]
[EventRounds "11"]
[EventCountry "POL"]
[SourceTitle "CBM 211 Extra"]
[Source "ChessBase"]
[SourceDate "2023.01.31"]
[SourceVersion "1"]
[SourceVersionDate "2023.01.31"]
[SourceQuality "1"]

1. d4 Nf6 2. c4 c5 3. d5 b5 4. cxb5 a6 5. b6 e6 6. Nc3 Nxd5 7. Nxd5 exd5 8. Qxd5 Nc6 9. e4 Be7 10. Nf3 Qxb6 11. Bc4 0-0 12. 0-0 d6 13. Qh5 Be6 14. Bxe6 fxe6 15. Bg5 Ra7 16. Rad1 Nd4 17. Nxd4 cxd4 18. Bxe7 Rxe7 19. e5 Qc5 20. Qe2 dxe5 21. Rfe1 Rf5 22. Qxa6 Qd5 23. b3 Rg5 24. g3 h5 25. Qc8+ Kf7 26. Qc2 Ra7 27. Rd2 Kf6 28. Qe4 Rf5 29. Kg2 h4 30. f3 hxg3 31. hxg3 Rc7 32. Qh4+ Kf7 33. Qe4 Rc3 34. f4 exf4 35. gxf4 g5 36. Qxd5 Rxd5 37. Re4 d3 38. fxg5 Rxg5+ 39. Kf3 Rh5 40. Re3 Rd5 41. Ke4 Rc2 42. Rdxd3 Rxd3 43. Kxd3 1/2-1/2

[Event "EU-ch Blitz"]
[Site "Katowice"]
[Date "2022.12.16"]
[Round "15"]
[White "Paprocki, Jaroslaw"]
[Black "Cramling, Pia"]
[Result "0-1"]
[WhiteElo "2158"]
[BlackElo "2463"]
[PlyCount "108"]
[EventDate "2022.12.16"]
[EventType "swiss (blitz)"]
[EventRounds "22"]
[EventCountry "POL"]
[SourceTitle "CBM 211 Extra"]
[Source "ChessBase"]
[SourceDate "2023.01.31"]
[SourceVersion "1"]
[SourceVersionDate "2023.01.31"]
[SourceQuality "1"]

1. d4 Nf6 2. c4 a6 3. Nc3 c5 4. d5 b5 5. Qc2 e6 6. e4 b4 7. Nd1 d6 8. Nf3 g6 9. Bd3 Bg7 10. 0-0 0-0 11. dxe6 Bxe6 12. Ne3 Nc6 13. Nd5 Bg4 14. Be3 Bxf3 15. gxf3 Nxd5 16. exd5 Nd4 17. Bxd4 Bxd4 18. Rae1 Qf6 19. b3 Qxf3 20. Be4 Qf4 21. Qc1 Qh4 22. Kg2 Rae8 23. Qc2 Be5 24. h3 Qf4 25. Rh1 f5 26. Bf3 Qg5+ 27. Kf1 Bd4 28. Re2 Qf4 29. Kg2 Qg5+ 30. Kf1 Re5 31. Rxe5 Bxe5 32. Rg1 Qf4 33. Qd3 Bd4 34. Kg2 Re8 35. Rd1 Be5 36. Rh1 Bc3 37. Rd1 Qg5+ 38. Kf1 Qh4 39. Bg2 Qg5 40. Qg3 Qf6 41. Qd3 Qe5 42. Bf3 Qh2 43. Bg2 Bd4 44. Qg3 Qxg3 45. fxg3 Re3 46. g4 f4 47. Bh1 Rxh3 48. Bg2 Re3 49. Rc1 f3 50. Rc2 Rd3 51. Bh1 Kg7 52. Rc1 Kf6 53. Re1 Kg5 54. Re8 Kxg4 0-1

[Event "POL-ch blitz"]
[Site "Suwalki"]
[Date "2022.09.24"]
[Round "14"]
[White "Paprocki, Jaroslaw"]
[Black "Zianowicz, Dominik"]
[Result "1-0"]
[WhiteElo "2170"]
[BlackElo "1950"]
[PlyCount "119"]
[EventDate "2022.09.24"]
[EventType "swiss (blitz)"]
[EventRounds "15"]
[EventCountry "POL"]
[SourceTitle "CBM 210 Extra"]
[Source "ChessBase"]
[SourceDate "2022.11.30"]
[SourceVersion "1"]
[SourceVersionDate "2022.11.30"]
[SourceQuality "1"]

1. e4 c6 2. Nf3 d5 3. Nc3 Bg4 4. h3 Bxf3 5. Qxf3 dxe4 6. Nxe4 Nd7 7. d4 Ngf6 8. c3 Nxe4 9. Qxe4 Nf6 10. Qc2 Qc7 11. g3 e6 12. Bf4 Bd6 13. Bxd6 Qxd6 14. Bg2 0-0 15. 0-0 Rfe8 16. Qb3 Rab8 17. Rfd1 Qc7 18. Rd3 e5 19. dxe5 Rxe5 20. Qa3 Qb6 21. Bf3 Rbe8 22. Kg2 h6 23. b3 a6 24. Rad1 Re1 25. Rxe1 Rxe1 26. Qd6 Ra1 27. Qd8+ Qxd8 28. Rxd8+ Kh7 29. a4 Rb1 30. b4 Rb3 31. Rb8 Rxc3 32. Rxb7 Rc4 33. Rb6 Nd5 34. Bxd5 cxd5 35. Rxa6 Rxb4 36. a5 Ra4 37. Kf3 Kg8 38. Ra8+ Kh7 39. a6 Kg6 40. Ke3 Kf6 41. Kd3 g5 42. Kc3 h5 43. Kb3 Ra1 44. Kb4 Kf5 45. Kc5 Ra5+ 46. Kb6 Ra1 47. Rf8 Ke6 48. a7 Rb1+ 49. Kc5 Rc1+ 50. Kd4 Rd1+ 51. Ke3 Re1+ 52. Kd2 Rf1 53. a8Q Rxf2+ 54. Ke1 Rf3 55. Qc6+ Ke5 56. Re8+ Kd4 57. Qa4+ Kc5 58. Rc8+ Kd6 59. Qa6+ Ke5 60. Qe2+ 1-0

[Event "Bydgoszcz op-A"]
[Site "Bydgoszcz"]
[Date "2022.06.30"]
[Round "6"]
[White "Golubka, Petr"]
[Black "Paprocki, Jaroslaw"]
[Result "1-0"]
[WhiteElo "2379"]
[BlackElo "2165"]
[PlyCount "85"]
[EventDate "2022.06.25"]
[EventType "swiss"]
[EventRounds "10"]
[EventCountry "POL"]
[SourceTitle "CBM 209 Extra"]
[Source "ChessBase"]
[SourceDate "2022.09.30"]
[SourceVersion "1"]
[SourceVersionDate "2022.09.30"]
[SourceQuality "1"]

1. d4 Nf6 2. c4 e6 3. Nc3 Bb4 4. Qc2 0-0 5. Bg5 d5 6. e3 Nbd7 7. Nf3 b6 8. cxd5 exd5 9. Bb5 h6 10. Bh4 g5 11. Bg3 Bb7 12. 0-0 c6 13. Bd3 Nh5 14. Be5 Nxe5 15. Nxe5 Bd6 16. f4 gxf4 17. exf4 c5 18. Nb5 Ba6 19. Nxd6 Bxd3 20. Nxd3 c4 21. Nxc4 Rc8 22. Nde5 dxc4 23. Rad1 Qd5 24. Rf3 f5 25. Qf2 Kh7 26. Qh4 Nf6 27. Rg3 Ng8 28. Qh5 Rf6 29. Ng4 Rfc6 30. Ne3 Qd7 31. Nxf5 Qe8 32. Rg7+ Kh8 33. Qg4 R6c7 34. d5 Qf8 35. Rxc7 Rxc7 36. d6 Nf6 37. Qh3 Rh7 38. Nh4 Qe8 39. Qc3 Rf7 40. d7 Qd8 41. Ng6+ Kg7 42. Ne5 Re7 43. a4 1-0

[Event "Bydgoszcz op-A"]
[Site "Bydgoszcz"]
[Date "2022.06.25"]
[Round "1"]
[White "Paprocki, Jaroslaw"]
[Black "Jakubowski, Krzysztof"]
[Result "0-1"]
[WhiteElo "2165"]
[BlackElo "2459"]
[PlyCount "122"]
[EventDate "2022.06.25"]
[EventType "swiss"]
[EventRounds "10"]
[EventCountry "POL"]
[SourceTitle "CBM 209 Extra"]
[Source "ChessBase"]
[SourceDate "2022.09.30"]
[SourceVersion "1"]
[SourceVersionDate "2022.09.30"]
[SourceQuality "1"]

1. e4 c5 2. Nf3 e6 3. d4 cxd4 4. Nxd4 Nc6 5. Nxc6 bxc6 6. Bd3 Nf6 7. 0-0 e5 8. Kh1 Be7 9. f4 d6 10. fxe5 dxe5 11. Nd2 0-0 12. Nc4 Nd7 13. Bd2 f6 14. Ba5 Qe8 15. Nd6 Bxd6 16. Bc4+ Kh8 17. Qxd6 Bb7 18. Be6 Nb6 19. Bb4 c5 20. Bxc5 Qa4 21. Rae1 Rfd8 22. Qc7 Bxe4 23. b3 Qc6 24. Qxc6 Bxc6 25. Rd1 Nd5 26. Bxd5 Bxd5 27. Rd2 Be6 28. Rfd1 Rdc8 29. Be7 Kg8 30. Kg1 Kf7 31. Bd6 a5 32. h3 Rc3 33. Rf1 Kg6 34. Rff2 Rac8 35. Be7 Bf5 36. Bd8 a4 37. bxa4 Bxc2 38. a5 Bd3 39. Bb6 h5 40. Rf3 e4 41. Rg3+ Kf7 42. h4 Rc1+ 43. Kh2 Rb1 44. Bd4 Rc4 45. Bf2 Rcc1 46. Rgxd3 exd3 47. a6 Rb4 48. a7 Ra4 49. Rxd3 Rc2 50. Rd8 Rcxa2 51. Rh8 g6 52. Kg1 Ke6 53. g3 Kf5 54. Kg2 Rxa7 55. Rb8 R7a5 56. Rb3 g5 57. hxg5 Kxg5 58. Kg1 Rf5 59. Bb6 Kg4 60. Bc7 Rc5 61. Rb4+ Kf5 0-1

[Event "EU-ch Blitz"]
[Site "Katowice"]
[Date "2021.12.17"]
[Round "4"]
[White "Stefansson, Hannes"]
[Black "Paprocki, Jaroslaw"]
[Result "1-0"]
[WhiteElo "2518"]
[BlackElo "2158"]
[PlyCount "99"]
[EventDate "2021.12.17"]
[EventType "swiss (blitz)"]
[EventRounds "22"]
[EventCountry "POL"]
[SourceTitle "CBM 205 Extra"]
[Source "ChessBase"]
[SourceDate "2022.01.31"]
[SourceVersion "1"]
[SourceVersionDate "2022.01.31"]
[SourceQuality "1"]

1. e4 e5 2. Nf3 Nc6 3. Bb5 Nf6 4. 0-0 Nxe4 5. d4 Nd6 6. Bxc6 dxc6 7. dxe5 Nf5 8. Qxd8+ Kxd8 9. h3 h5 10. Nc3 Be6 11. b3 Ke8 12. Ne2 Bd5 13. Ng5 c5 14. Nf4 Bc6 15. Bb2 Be7 16. Nf3 Bxf3 17. gxf3 c6 18. Kh2 Rd8 19. Nd3 Nd4 20. Bxd4 cxd4 21. f4 g6 22. Kg3 Rd5 23. Kf3 Kd7 24. Rae1 Ke6 25. Ke4 f5+ 26. Kf3 h4 27. Rg1 Rh6 28. Rg2 Kf7 29. e6+ Kf6 30. Ne5 Rd6 31. Nd7+ Kg7 32. Re5 Rh8 33. Rxf5 Rxe6 34. Re5 Rxe5 35. Nxe5 Rh6 36. f5 g5 37. Ke4 Rd6 38. f4 d3 39. cxd3 c5 40. Nf3 Kf8 41. fxg5 Ra6 42. f6 Bxf6 43. gxf6 Rxf6 44. Ne5 Ra6 45. Kd5 Ra5 46. Nc4 Ra6 47. a4 Rf6 48. Ne5 Rf5 49. Ke6 Rf1 50. Nd7+ 1-0